| 000 | 01205cam a22002533a 4500 | ||
|---|---|---|---|
| 001 | 15294 | ||
| 003 | PGUSA | ||
| 005 | 20140828083328.0 | ||
| 008 | 050308s2005||||xxu|||||s|||||000 j eng d | ||
| 040 |
_aPGUSA _beng |
||
| 042 | _adc | ||
| 050 | 4 | _aPS | |
| 100 | 1 |
_aJewett, Sarah Orne, _d1849-1909 |
|
| 245 | 1 | 2 |
_aA Country Doctor and Selected Stories and Sketches _h[electronic resource] / _cSarah Orne Jewett |
| 260 |
_bProject Gutenberg, _c2005 |
||
| 505 | 0 | _aA country doctor -- Selected stories and sketches: Stories from strangers and wayfarers: A winter courtship; Going to Shrewsbury; The white rose road; The town poor -- Stories from A native of Winby and other tales: A native of Winby -- Looking back on girlhood -- More stories from A native of Winby and other tales: The passing of Sister Barsett; Decoration day; The flight of Betsey Lane; The gray mills of Farley. | |
| 506 | _aPublic domain in the USA. | ||
| 516 | _aElectronic text | ||
| 653 | _aMaine -- Social life and customs -- Fiction | ||
| 653 | _aUnited States -- Social life and customs -- 19th century -- Fiction | ||
| 830 | 0 |
_aProject Gutenberg _v15294 |
|
| 856 | 4 | 0 | _uhttp://www.gutenberg.org/ebooks/15294 |
| 942 | _cEB | ||
| 999 |
_c244549 _d244549 |
||